00323 2200133 4500001002100000005001500021035002000036245007100056300000800127260002200135082000800157084001200165990001200177INLIS00000000000206320250527094032 a0010-0525000355 aRPUL Global (Rangkuman Pengetahuan Umum Lengkap) /cArief Mudzakir a328 bAneka Ilmu,c2004 a600 a600 RPU a0713220